Statistics for Every Block in Minecraft

Click here to take the quiz!

General Stats

  • This quiz has been taken 11 times
  • The average score is 61 of 500

Answer Stats

HintAnswer% Correct
010Stone
75%
011Cobblestone
63%
001Dirt
63%
099Oak Planks
63%
087Oak Wood
63%
325White Wool
63%
340Black Wool
50%
020Bricks
50%
406Glass
50%
039Gold Ore
50%
038Iron Ore
50%
117Netherrack
50%
127Soul Sand
50%
100Spruce Planks
50%
329Yellow Wool
50%
138Blackstone
38%
353Blue Terracotta
38%
336Blue Wool
38%
143Crying Obsidian
38%
104Dark Oak Planks
38%
040Diamond Ore
38%
015Diorite
38%
013Granite
38%
002Grass Block
38%
006Gravel
38%
332Gray Wool
38%
338Green Wool
38%
218Oak Fence
38%
227Oak Fence Gate
38%
075Oak Log
38%
343Orange Terracotta
38%
326Orange Wool
38%
335Purple Wool
38%
356Red Terracotta
38%
339Red Wool
38%
007Sand
38%
021Sandstone
38%
128Soul Soil
38%
054Stone Bricks
38%
258Stone Slab
38%
081Stripped Oak Log
38%
341Terracotta
38%
390White Concrete
38%
222Acacia Fence
25%
231Acacia Fence Gate
25%
079Acacia Log
25%
017Andesite
25%
101Birch Planks
25%
405Black Concrete
25%
389Black Concrete Powder
25%
422Black Glass
25%
357Black Terracotta
25%
401Blue Concrete
25%
385Blue Concrete Powder
25%
418Blue Glass
25%
402Brown Concrete
25%
386Brown Concrete Powder
25%
419Brown Glass
25%
354Brown Terracotta
25%
337Brown Wool
25%
161Chest
25%
009Clay
25%
298Cobblestone Stairs
25%
154Crafting Table
25%
334Cyan Wool
25%
223Dark Oak Fence
25%
080Dark Oak Log
25%
092Dark Oak Wood
25%
041Emerald Ore
25%
165Enchanting Table
25%
044Farmland
25%
423Glass Pane
25%
397Gray Concrete
25%
381Gray Concrete Powder
25%
414Gray Glass
25%
349Gray Terracotta
25%
403Green Concrete
25%
387Green Concrete Powder
25%
420Green Glass
25%
355Green Terracotta
25%
105Honey Block
25%
492Iron Bars
25%
217Iron Door
25%
495Lantern
25%
393Light Blue Concrete
25%
377Light Blue Concrete Powder
25%
410Light Blue Glass
25%
345Light Blue Terracotta
25%
328Light Blue Wool
25%
395Lime Concrete
25%
379Lime Concrete Powder
25%
412Lime Glass
25%
347Lime Terracotta
25%
330Lime Wool
25%
392Magenta Concrete
25%
376Magenta Concrete Powder
25%
409Magenta Glass
25%
344Magenta Terracotta
25%
327Magenta Wool
25%
209Oak Door
25%
289Oak Stairs
25%
391Orange Concrete
25%
375Orange Concrete Powder
25%
408Orange Glass
25%
396Pink Concrete
25%
380Pink Concrete Powder
25%
413Pink Glass
25%
348Pink Terracotta
25%
331Pink Wool
25%
004Podzol
25%
400Purple Concrete
25%
384Purple Concrete Powder
25%
417Purple Glass
25%
352Purple Terracotta
25%
404Red Concrete
25%
388Red Concrete Powder
25%
421Red Glass
25%
008Red Sand
25%
025Red Sandstone
25%
042Redstone Ore
25%
033Sea Lantern
25%
012Smooth Stone
25%
259Smooth Stone Slab
25%
029Snow
25%
210Spruce Door
25%
076Spruce Log
25%
201Spruce Trapdoor
25%
088Spruce Wood
25%
493Torch
25%
374White Concrete Powder
25%
407White Glass
25%
342White Terracotta
25%
394Yellow Concrete
25%
378Yellow Concrete Powder
25%
411Yellow Glass
25%
346Yellow Terracotta
25%
213Acacia Door
13%
103Acacia Planks
13%
254Acacia Slab
13%
293Acacia Stairs
13%
204Acacia Trapdoor
13%
091Acacia Wood
13%
129Ancient Debris
13%
284Andesite Slab
13%
316Andesite Stairs
13%
170Anvil
13%
130Basalt
13%
171Beacon
13%
211Birch Door
13%
220Birch Fence
13%
229Birch Fence Gate
13%
077Birch Log
13%
252Birch Slab
13%
291Birch Stairs
13%
202Birch Trapdoor
13%
089Birch Wood
13%
439Black Glass Pane
13%
277Blackstone Slab
13%
322Blackstone Stairs
13%
156Blast Furnace
13%
046Block of Coal
13%
049Block of Diamond
13%
048Block of Gold
13%
047Block of Iron
13%
051Block of Redstone
13%
435Blue Glass Pane
13%
286Bricks Slab
13%
302Bricks Stairs
13%
246Bricks Wall
13%
436Brown Glass Pane
13%
068Brown Mushroom Block
13%
158Campfire
13%
499Chain
13%
037Coal Ore
13%
003Coarse Dirt
13%
260Cobblestone Slab
13%
233Cobblestone Wall
13%
399Cyan Concrete
13%
383Cyan Concrete Powder
13%
416Cyan Glass
13%
433Cyan Glass Pane
13%
351Cyan Terracotta
13%
214Dark Oak Door
13%
232Dark Oak Fence Gate
13%
074Dark Oak Leaves
13%
255Dark Oak Slab
13%
294Dark Oak Stairs
13%
205Dark Oak Trapdoor
13%
282Diorite Slab
13%
314Diorite Stairs
13%
163Ender Chest
13%
148End Stone
13%
150End Stone Bricks
13%
321End Stone Stairs
13%
168Fletching Table
13%
155Furnace
13%
431Gray Glass Pane
13%
437Green Glass Pane
13%
173Grindstone
13%
065Hay Bale
13%
470Horn Coral
13%
480Horn Coral Fan
13%
030Ice
13%
208Iron Trapdoor
13%
212Jungle Door
13%
221Jungle Fence
13%
230Jungle Fence Gate
13%
078Jungle Log
13%
102Jungle Planks
13%
253Jungle Slab
13%
292Jungle Stairs
13%
203Jungle Trapdoor
13%
090Jungle Wood
13%
043Lapis Lazuli Ore
13%
487Lava
13%
196Lever
13%
427Light Blue Glass Pane
13%
382Light Gray Concrete Powder
13%
415Light Gray Glass
13%
432Light Gray Glass Pane
13%
350Light Gray Terracotta
13%
333Light Gray Wool
13%
429Lime Glass Pane
13%
426Magenta Glass Pane
13%
019Mossy Cobblestone
13%
055Mossy Stone Bricks
13%
266Mossy Stone Bricks Slab
13%
301Mossy Stone Bricks Stairs
13%
005Mycelium
13%
144Nether Bricks
13%
136Nether Wart Block
13%
069Oak Leaves
13%
250Oak Slab
13%
200Oak Trapdoor
13%
425Orange Glass Pane
13%
441Orange Shulker Box
13%
430Pink Glass Pane
13%
191Piston
13%
018Polished Andesite
13%
016Polished Diorite
13%
014Polished Granite
13%
034Prismarine
13%
272Prismarine Slab
13%
307Prismarine Stairs
13%
434Purple Glass Pane
13%
270Purpur Slab
13%
121Quartz Block
13%
123Quartz Pillar
13%
438Red Glass Pane
13%
067Red Mushroom Block
13%
147Red Nether Bricks
13%
197Redstone Torch
13%
262Sandstone Slab
13%
305Sandstone Stairs
13%
153Shulker Box
13%
060Slime Block
13%
172Smithing Table
13%
024Smooth Sandstone
13%
263Smooth Sandstone Slab
13%
306Smooth Sandstone Stairs
13%
058Sponge
13%
219Spruce Fence
13%
228Spruce Fence Gate
13%
070Spruce Leave
13%
251Spruce Slab
13%
290Spruce Stairs
13%
192Sticky Piston
13%
265Stone Bricks Slab
13%
299Stone Bricks Stairs
13%
160Stonecutter
13%
297Stone Stairs
13%
085Stripped Acacia Log
13%
097Stripped Acacia Wood
13%
083Stripped Birch Log
13%
095Stripped Birch Wood
13%
086Stripped Dark Oak Log
13%
098Stripped Dark Oak Wood
13%
084Stripped Jungle Log
13%
096Stripped Jungle Wood
13%
093Stripped Oak Wood
13%
082Stripped Spruce Log
13%
094Stripped Spruce Wood
13%
195Tripwire Hook
13%
466Tube Coral
13%
476Tube Coral Fan
13%
108Warped Stem
13%
486Water
13%
059Wet Sponge
13%
424White Glass Pane
13%
428Yellow Glass Pane
13%
073Acacia Leaves
0%
491Activator Rail
0%
243Andesite Wall
0%
162Barrel
0%
175Bell
0%
071Birch Leaves
0%
373Black Glazed Terracotta
0%
455Black Shulker Box
0%
239Blackstone Wall
0%
050Block of Emerald
0%
132Block of Netherite
0%
369Blue Glazed Terracotta
0%
032Blue Ice
0%
451Blue Shulker Box
0%
053Bookshelf
0%
467Brain Coral
0%
457Brain Coral Block
0%
477Brain Coral Fan
0%
164Brewing Stand
0%
370Brown Glazed Terracotta
0%
452Brown Shulker Box
0%
468Bubble Coral
0%
458Bubble Coral Block
0%
478Bubble Coral Fan
0%
167Cartography Table
0%
062Carved Pumpkin
0%
166Cauldron
0%
146Chiseled Nether Bricks
0%
142Chiseled Polished Blackstone Bricks
0%
124Chiseled Quartz
0%
026Chiseled Red Sandstone
0%
022Chiseled Sandstone
0%
057Chiseled Stone Bricks
0%
498Cobweb
0%
177Composter
0%
174Conduit
0%
141Cracked Blackstone Bricks
0%
145Cracked Nether Bricks
0%
056Cracked Stone Bricks
0%
215Crimson Door
0%
224Crimson Fence
0%
111Crimson Hyphae
0%
133Crimson Nylium
0%
115Crimson Planks
0%
256Crimson Slab
0%
295Crimson Stairs
0%
107Crimson Stem
0%
206Crimson Trapdoor
0%
027Cut Red Sandstone
0%
269Cut Red Sandstone Slab
0%
023Cut Sandstone
0%
264Cut Sandstone Slab
0%
367Cyan Glazed Terracotta
0%
449Cyan Shulker Box
0%
036Dark Prismarine
0%
274Dark Prismarine Slab
0%
309Dark Prismarine Stairs
0%
193Daylight Detector
0%
472Dead Brain Coral
0%
462Dead Brain Coral Block
0%
482Dead Brain Coral Fan
0%
473Dead Bubble Coral
0%
463Dead Bubble Coral Block
0%
483Dead Bubble Coral Fan
0%
474Dead Fire Coral
0%
464Dead Fire Coral Block
0%
484Dead Fire Coral Fan
0%
475Dead Horn Coral
0%
465Dead Horn Coral Block
0%
485Dead Horn Coral Fan
0%
471Dead Tube Coral
0%
461Dead Tube Coral Block
0%
481Dead Tube Coral Fan
0%
490Detector Rail
0%
244Diorite Wall
0%
188Dispenser
0%
066Dried Kelp Block
0%
189Dropper
0%
271End Bricks Slab
0%
152End Portal Frame
0%
249End Stone Wall
0%
469Fire Coral
0%
459Fire Coral Block
0%
479Fire Coral Fan
0%
120Glowstone
0%
280Granite Slab
0%
312Granite Stairs
0%
242Granite Wall
0%
045Grass Path
0%
365Gray Glazed Terracotta
0%
447Gray Shulker Box
0%
371Green Glazed Terracotta
0%
453Green Shulker Box
0%
106Honeycomb Block
0%
186Hopper
0%
460Horn Coral Block
0%
063Jack o'Lantern
0%
179Jukebox
0%
072Jungle Leaves
0%
497Ladder
0%
052Lapis Lazuli Block
0%
176Lectern
0%
361Light Blue Glazed Terracotta
0%
443Light Blue Shulker Box
0%
398Light Concrete
0%
366Light Gray Glazed Terracotta
0%
448Light Gray Shulker Box
0%
363Lime Glazed Terracotta
0%
445Lime Shulker Box
0%
182Lodestone
0%
169Loom
0%
360Magenta Glazed Terracotta
0%
442Magenta Shulker Box
0%
126Magma Block
0%
064Melon
0%
261Mossy Cobblestone Slab
0%
300Mossy Cobblestone Stairs
0%
234Mossy Cobblestone Wall
0%
236Mossy Stone Bricks Wall
0%
068Mushroom Stem
0%
226Nether Brick Fence
0%
287Nether Bricks Slab
0%
303Nether Bricks Stairs
0%
247Nether Bricks Wall
0%
119Nether Gold Ore
0%
118Nether Quartz Ore
0%
178 | 185Note Block
0%
190Observer
0%
359Orange Glazed Terracotta
0%
031Packed Ice
0%
364Pink Glazed Terracotta
0%
446Pink Shulker Box
0%
285Polished Andesite Slab
0%
317Polished Andesite Stairs
0%
131Polished Basalte
0%
139Polished Blackstone
0%
140Polished Blackstone Bricks
0%
279Polished Blackstone Bricks Slab
0%
324Polished Blackstone Bricks Stairs
0%
241Polished Blackstone Bricks Wall
0%
278Polished Blackstone Slab
0%
323Polished Blackstone Stairs
0%
240Polished Blackstone Wall
0%
283Polished Diorite Slab
0%
315Polished Diorite Stairs
0%
281Polished Granite Slab
0%
313Polished Granite Stairs
0%
489Powered Rail
0%
035Prismarine Bricks
0%
273Prismarine Bricks Slab
0%
308Prismarine Bricks Stairs
0%
245Prismarine Wall
0%
061Pumpkin
0%
368Purple Glazed Terracotta
0%
450Purple Shulker Box
0%
149Purpur Block
0%
151Purpur Pillar
0%
320Purpur Stairs
0%
125Quartz Bricks
0%
275Quartz Slab
0%
318Quartz Stairs
0%
488Rail
0%
372Red Glazed Terracotta
0%
288Red Nether Bricks Slab
0%
304Red Nether Bricks Stairs
0%
248Red Nether Bricks Wall
0%
267Red Sandstone Slab
0%
310Red Sandstone Stairs
0%
238Red Sandstone Wall
0%
454Red Shulker Box
0%
199Redstone Comparator
0%
187Redstone Lamp
0%
198Redstone Repeater
0%
181Respawn Anchor
0%
237Sandstone Wall
0%
180Scaffolding
0%
135Shroomlight
0%
157Smoker
0%
122Smooth Quartz Block
0%
276Smooth Quartz Slab
0%
319Smooth Quartz Stairs
0%
028Smooth Red Sandstone
0%
268Smooth Red Sandstone Slab
0%
311Smooth Red Sandstone Stairs
0%
159Soul Campfire
0%
496Soul Lantern
0%
494Soul Torch
0%
235Stone Bricks Wall
0%
113Stripped Crimson Hyphae
0%
109Stripped Crimson Stem
0%
114Stripped Warped Hyphae
0%
110Stripped Warped Stem
0%
184Target Block
0%
183TNT
0%
194Trapped Chest
0%
456Tube Coral Block
0%
216Warped Door
0%
225Warped Fence
0%
112Warped Hyphae
0%
134Warped Nylium
0%
116Warped Planks
0%
257Warped Slab
0%
296Warped Stairs
0%
207Warped Trapdoor
0%
137Warped Wart Block
0%
358White Glazed Terracotta
0%
440White Shulker Box
0%
362Yellow Glazed Terracotta
0%
444Yellow Shulker Box
0%

Score Distribution

Percentile by Number Answered

Percent of People with Each Score

Your Score History

You have not taken this quiz